000 00263nam a2200133Ia 4500
100 _aCurrice R.M.
942 _cBK
654 _awork study.
245 _aWork Study.
260 _bPitman &sons
_c2001
082 _a658.542
300 _a251
546 _aENGLISH
999 _c31423
_d31423